音MADによく使われる曲100 - Statistics

General Stats
  • This quiz has been taken 148 times
  • The average score is 16 of 100
Answer Stats
順位 曲名 件数 分類 最大再生回数の音MAD ネタ % Correct
7 U.N.オーエンは彼女なのか? 1230 東方 M.C.ドナルドはダンスに夢中なのか?最終鬼畜道化師ドナルド・M ドナルド
65%
6 ナイト・オブ・ナイツ 1387 東方 モコウ・カテ・ナイツ もこう
60%
13 ココロオドル 802 アニ ココロジョジョル ジョジョ
47%
28 コネクト 517 アニ 先頭の景色気持ちよすぎでしょ! ウマ娘
42%
5 柴又 1431 一般 柴又 柴又
40%
58 千本桜 276 ボカ そんな千本桜で大丈夫か?【エルシャダイ発売祭】 エルシャダイ
39%
1 RED ZONE 5916 ゲー SHINSHI ZONE うさみちゃん
39%
25 ダダダダ天使 544 一般 トトトトトム・ブラウン トム・ブラウン
37%
2 グルメレース 2258 ゲー 全く重てえな、何が入ってんだァ?【ジョジョ】 ジョジョ
35%
17 unwelcome_school 676 ゲー Let's Go!!!!!!!!!!!!!!!!!!!!!!!!!!!!!!!!!!!!!!!!!!!!!!!!!!!!!!!!!!!!!!!!!!!!!!!!!!!!!!!!!!!!!!!!!!!! Let's Go Meme
35%
27 ラグトレイン 520 ボカ スシトレイン(フル) 寿司食べたい
32%
10 Bad_Apple 877 東方 そんなBad Apple!!で大丈夫か? 【エルシャダイ】 エルシャダイ
32%
39 チルノのパーフェクトさんすう教室 380 東方 【松岡修造】アチチルノのバーニング英単語教室【誕生祭】 松岡修造
30%
11 ダンスロボットダンス 844 ボカ ダンス首絞めダンス 輝夜月
27%
33 ルマ(かいりきベア) 432 ボカ ロハン/へぶんずドア feat.岸辺露伴は動かない (ドラマ版) 岸部露伴
26%
22 オーバーライド 577 ボカ トームーブラウン トム・ブラウン
24%
68 ネイティブフェイス 254 東方 ドナルドを信仰風化曲【ネイティブフェイス】 ドナルド
24%
29 アルティメットセンパイ 510 ボカ ブルアカで抜いた生徒を庇うアルティメットセンセイ ヤンクミ
23%
50 エゴロック 310 ボカ アゴロック 剣持
23%
74 メルト 239 ボカ 【歪音エナ】兄貴が『メルト』を歌ってくれたよ ビリー兄貴
23%
16 evans 769 ゲー 【音ゲイ】Evan様 例のアレ
23%
43 おとめっど 359 複数 【合作】おとわっか※対策版 ワッカ
21%
66 魔理沙は大変なものを盗んでいきました 255 東方 クラッシャーは大変なキーボードを破壊していきました キーボードクラッシャー
21%
80 いーあるふぁんくらぶ 209 ボカ ぷよぷよふぁんくらぶ ぷよぷよ
21%
12 フォニイ 819 ボカ ハッキリイ 豊田商事
20%
20 きゅうくらりん 622 ボカ きゅうくらりん セックス ラビットホール
20%
26 天国と地獄 527 一般 松岡修造で天国と地獄【ハイスピードver】 松岡修造
20%
44 テレキャスタービーボーイ 356 ボカ テレキャスターBBボーイ☆ 例のアレ
20%
24 神っぽいな 551 ボカ 神であるぞ チャイカ
19%
89 ヤマダ電機 196 一般 タドコロ電機 例のアレ
19%
79 MEGALOVANIA 220 ゲー M3GAL6V4NIA☆.mp3 例のアレ
19%
3 マイムマイム 1842 一般 ミサカミサカ(御坂御坂) 【とある魔術の禁書目録×マイムマイム】 とある
18%
15 スカイハイ 792 ゲー スーパー「おめーの席ねぇから!」デラックス おめーの席ねぇから
18%
30 ライアーダンサー 506 ボカ ライアーりーもこ ムラムラタムラ
18%
19 てってってー 641 一般 マイケルジャクソンがてってってーを歌ってみたよ Mジャクソン
17%
32 マーシャル・マキシマイザー 480 ボカ マッタク・ニテイナイザー 例のアレ
17%
38 恋愛サーキュレーション 381 一般 そんな恋愛サーキュレーションで大丈夫か?【エルシャダイ】 エルシャダイ
17%
46 白金ディスコ 333 一般 【IKZO】 白金ディスコも無ェ(ふる ver) 吉幾三
17%
52 ダーリンダンス 302 ボカ アンゴラダンス 剣持
17%
70 シャルル 254 ボカ シャRURU 例のアレ
17%
72 炉心融解 241 ボカ 枝野官房長官に炉心融解歌わせてみた 枝野官房長官
17%
78 エイリアンエイリアン 222 ボカ 委員長委員長 月ノ美兎
17%
56 打打打打打打打打打打 281 ゲー カッコつけてKADOKAWAにサイバー攻撃した集団がいたんですよ~ クールポコ
16%
73 初音ミクの消失 239 ボカ 初音ミクの消失をエロっぽく喘ぎ声で歌ってみた 例のアレ
16%
75 裏表ラバーズ 238 ボカ 茹卵ラバーズ 板東英二
15%
92 グッバイ宣言 191 ボカ ゴールド船艦 ウマ娘
15%
99 太陽曰く燃えよカオス 178 ゲー 初代ポケモン図鑑 で 這いよれ!ニャル子さんOP ニャル子さん
15%
59 ようこそジャパリパークへ 272 アニ ねずみフレンズ ~ようこそディズニーランドへ~ ミッキー
14%
96 人マニア 186 ボカ エビ揉みたい ただ物足りない エビ揉め
14%
18 YO-KAI Disco 674 ゲー KO-SHIN Disco 唐澤貴洋
14%
82 ようかい体操第一 206 アニ Z会ウォッチ Z会
13%
98 恋は渾沌の隷也 179 アニ 俺は勉強が嫌い也【Z会×ニャル子さんW】 Z会
13%
62 Oshama_Scramble 265 ゲー Oshakasama Scramble! 創価学会
13%
31 Second_Heaven 486 一般 【Syu☆】 Second Serve 【松岡修造×Second Heaven】 松岡修造
13%
42 亀上的竜宮生活 366 ゲー ベーコン的ムシャムシャ生活 ベーコンムシャムシャくん
12%
63 強風オールバック 264 ボカ ハトが強すぎる強風オールバック ハト
12%
90 ウサテイ 196 ゲー 遊戯王 エネコン(コマンド入力×ウサテイ) 遊戯王
12%
95 乙女解剖 187 ボカ 鳩さん解剖 アイドルマスター
12%
71 bigbrother 244 一般 Big Brother☆ 例のアレ
12%
14 I'm so happy 795 ゲー I'm so クッキー☆ -EX mix- 例のアレ
12%
9 on and on 980 一般 スキデスキデスキデスキデスキデスキデスキデスキデ リゼロ
12%
4 サンドキャニオン 1554 ゲー カラ松さんドキャニオン【おそ松さんMAD】 おそ松さん
11%
8 危険な○○シリーズ 1044 ゲー 危険なポポポポーン ぽぽぽぽーん
11%
37 ただいまーっ!!!シリーズ 398 一般 じゃじゃうまーっ!!! ウマ娘
11%
47 夜に駆ける 324 一般 演技力に欠ける 東方
11%
40 吹っ切れた 377 ボカ にこにーが吹 っ 切 れ た ラブライブ
10%
88 ホドモエシティ 197 ゲー ホモドエシティ 例のアレ
10%
45 ウエライド:草 336 ゲー これで私は所持金が底をついたので:草 ぼっちざろっく
9%
53 イワシがつちからはえてくるんだ 297 ボカ ホモビをばらしてくみたてるんだ.sardine 例のアレ
9%
69 ポップスター 254 ゲー 【日常】 ゆっこスター 【星のカービィ64】 日常
9%
83 シカ色デイズ 206 アニ 地下色デイズ カイジ
9%
34 黒塗り世界宛て書簡 430 ボカ BCC: ███世界 スロウスタート
8%
54 DRAGONLADY 291 ゲー ほむらちゃんごめんね私DJになる まどマギ
8%
51 FEVER 307 ゲー Dr.ちゃんみお【日常×Dr.MARIO】 日常
8%
21 Nyanyanyanyanyanyanya! 585 ボカ Shinshinshinshinshinshi! うさみちゃん
8%
23 sakura reflection 556 ゲー ブループルミエちゃん ストライクウィッチーズ
8%
86 アイドル(yoasobi) 199 アニ ハイボク ワンピース
8%
93 IevanPolkka 190 一般 賢狼ホロに「Ievan Polkka」を歌わせてみた【狼と香辛料MAD】 狼と香辛料
7%
41 Karakuri Spirits 376 ゲー めめめのサイコロが! もこ田めめめ
7%
61 Karakuri_Spirits 267 ゲー おまんこスピリッツ 例のアレ
7%
35 愛は備長炭 418 ゲー 愛は酔拳炭 ご注文はうさぎですか
6%
94 ワリオこうざん 187 ゲー PADを入れれば万事OKデス きんいろモザイク
6%
97 グリーングリーンズ 180 ゲー カービィのBGMに合わせてレムとラムに罵倒されるだけの動画 リゼロ
6%
77 BIG_BLUE 229 ゲー Bigyajue.mp4 例のアレ
6%
85 香水 199 一般 違う!! 違うんだエレン・・・・・・!! 香水のせいじゃなくて・・・ 俺が悪... 進撃の巨人
4%
91 モグのテーマ 192 ゲー ねっ!まおうさん、ねっ! はたらく魔王さま
4%
100 フラットゾーン 176 ゲー フラット野獣ゾーン 例のアレ
4%
55 駅のホームですっぽんぽん 286 ゲー ミサカはミサカはすっぽんぽん♪ とある
3%
57 スネ夫が自慢話をするときに流れている曲 278 一般 KBTITが自慢話をするときに流れている曲 例のアレ
3%
65 チルミルミルノ 260 東方 チマタデウワサノ 例のアレ
3%
87 ドゥヴァン 198 ゲー 我那覇さーん たれぞう
3%
49 中国・北海道BGM 318 ゲー がんばれ春画要求姉貴 例のアレ
3%
36 妖精族のこども 405 ゲー 黒猫族のくんか 俺の妹がこんなに
2%
48 シドのテストコース 321 ゲー パンツじゃないもんレーシング ストライクウィッチーズ
2%
76 アッーウッウッイネイネ 233 一般 こなた達でアッーウッウッイネイネ【らき☆すたMIX】 らき☆すた
2%
81 トレジャーシュート 209 ゲー ファイヤーシュート ファイヤーシスターズ
2%
84 Clione 205 ゲー Clione.mp4 例のアレ
2%
60 もはや○○だけで曲作れるから 268 一般 もはや野獣先輩だけで曲作れるから.mp4 例のアレ
1%
64 おいかけっこしましょ 263 ゲー 愉悦部入りましょ 夜神月
1%
67 undernorth 255 ゲー Ducky☆.undernorth 例のアレ
0%
No matching quizzes found
Score Distribution
Percent of People with Each Score
Percentile by Number Answered
Your Score History
You have not taken this quiz